00945nas a2200277Ia 4500001001600000003001000016008004100026040002500067041001300092100002000105210001800125222001800143245003600161250001100197260000900208501012300217300001400340362002400354500003100378650002300409700001100432942000700443957000600450999003300456952017800489A03/R024-32834 IT-MiCISF161014c99999999xx |||||||||||| ||und|| aIT-MiCISFcIT-MiCISF aITALIANO aDel Colle Beppe aFamiglia oggi aFamiglia oggi 0aNiente più che scaldi davvero a1a ed. c2001 bCISF - Centro Internazionale Studi Famiglia - Via Giotto, 36 20145 MILANO (non commercial uses only)cCopyright 2016 app. 62-63 an. 4, aprile [2001] a Tema: società, politica asocietàvdossier aAA.VV. cCR 71 a32834bSig1c240653d240653 0010406A_03_000000000000000_R0243283471aCISFbCISFd2016-10-14l0oA03/R024-32834 r2016-10-14 00:00:00w2016-10-14yCRzData import 15.10.2016 / by Epidotti, Vaglietti